[Event "Challenge"]
[Site "http://www.queenalice.com/game.php?id=206776"]
[Date "2007.5.6"]
[Round "-"]
[White "Lauermann"]
[Black "Dfreitas"]
[Result "1-0"]
[WhiteElo "1619"]
[BlackElo "1069"]

1. e3 e5 2. Qh5 Be7 3. Qxe5 Nf6 4. b3 d6 5. Qb5+ c6 6. Qg5 Bf8 7. Bb2 h6 8. Qf4
b5 9. g3 Be7 10. Nf3 Na6 11. Bg2 Nc5 12. Nd4 g5 13. Qf3 Bg4 14. Qxc6+ Bd7 15.
Qxa8 Qxa8 16. Bxa8 O-O 17. Bc6 Bg4 18. Nxb5 Nfe4 19. Bxe4 Nxe4 20. Nxa7 d5 21.
d3 Nf6 22. Nc6 Bf3 23. Nxe7+ Kg7 24. Nf5+ Kg6 25. Ne7+ Kh7 26. Bxf6 Re8 27. Rg1
Rc8 28. e4 Rxc2 29. exd5 Re2+ 30. Kf1 Re6 31. dxe6 fxe6 32. Nd2 Bg4 33. Re1 Bh3+
34. Ke2 Bg4+ 35. Ke3 Bh3 36. Ne4 h5 37. Nxg5+ Kh6 38. Nf7+ Kh7 39. Rc1 Bg2 40.
Rc8 Bb7 41. Rh8# 1-0

[Event "Challenge"]
[Site "http://www.queenalice.com/game.php?id=214153"]
[Date "2007.5.21"]
[Round "-"]
[White "Dfreitas"]
[Black "maikorech"]
[Result "0-1"]
[WhiteElo "1067"]
[BlackElo "1802"]

1. b4 Nc6 2. g4 Nf6 3. Bh3 e5 4. d3 d5 5. a3 Bd6 6. Nf3 O-O 7. b5 e4 8. Nfd2
Bxg4 9. Bg2 Nd4 10. Bb2 Nxe2 11. h3 Bh5 12. f3 Ng3 13. Rg1 Bc5 14. d4 Bxd4 15.
Bxd4 Qe8 16. h4 exf3+ 17. Kf2 Nfe4+ 18. Nxe4 dxe4 19. Kxg3 Rd8 20. Nc3 c5 21.
bxc6 Qxc6 22. Qd2 Qd6+ 23. Kf2 Qxd4+ 24. Qxd4 Rxd4 25. Bh3 Rc4 26. Rg5 Rxc3 27.
Rxh5 Re8 28. Bf5 g6 29. Bxg6 fxg6 30. Rh6 Kg7 31. Rxh7+ Kxh7 32. Rh1 Rxc2+ 33.
Kg3 f2 34. a4 e3 35. Kg4 Rf8 36. h5 Kg7 37. hxg6 e2 38. Kg5 f1=Q 39. Rh7+ Kg8
40. Rh4 e1=Q 41. g7 Rf5+ 42. Kg6 Qxh4 43. a5 Qg1+ 44. Kxf5 Rc6 45. Ke5 Qc5# 0-1

[Event "Challenge"]
[Site "http://www.queenalice.com/game.php?id=218790"]
[Date "2007.5.31"]
[Round "-"]
[White "rafaelbdb"]
[Black "Dfreitas"]
[Result "1-0"]
[WhiteElo "1481"]
[BlackElo "1074"]

1. e4 Nc6 2. Nc3 g5 3. d4 Nf6 4. Bxg5 Bg7 5. Nf3 a5 6. Bb5 Nb4 7. O-O c6 8. Be2
d6 9. a3 h6 10. Bxf6 Bxf6 11. axb4 b6 12. b5 cxb5 13. Bxb5+ Bd7 14. e5 dxe5 15.
Bxd7+ Qxd7 16. dxe5 Qxd1 17. Rfxd1 Rg8 18. exf6 Kf8 19. fxe7+ Kxe7 20. Re1+ Kf8
21. b3 Rc8 22. Re3 Rd8 23. Rae1 Rd6 24. Nh4 Rg4 25. Re8+ Kg7 26. Nf5+ Kf6 27.
Nxd6 Rg5 28. Nce4+ Kg6 29. Nxg5 Kxg5 30. Nxf7+ Kg6 31. Nxh6 Kxh6 32. R1e3 b5 33.
Rg3 Kh5 34. Rh8# 1-0

[Event "Challenge"]
[Site "http://www.queenalice.com/game.php?id=219986"]
[Date "2007.6.2"]
[Round "-"]
[White "Dfreitas"]
[Black "Kirkland"]
[Result "0-1"]
[WhiteElo "1071"]
[BlackElo "2314"]

1. Nc3 d5 2. Nxd5 Qxd5 3. c4 Qxc4 4. b3 Qb4 5. a3 Qd6 6. e3 c5 7. Bb5+ Nc6 8.
Qh5 Nf6 9. Nf3 Nxh5 10. g4 Nf6 11. g5 Ne4 12. O-O h6 13. gxh6 Rxh6 14. Bb2 Nxd2
15. Nxd2 Qxh2# 0-1

[Event "Challenge"]
[Site "http://www.queenalice.com/game.php?id=225333"]
[Date "2007.6.15"]
[Round "-"]
[White "dvgm"]
[Black "Dfreitas"]
[Result "0-1"]
[WhiteElo "1348"]
[BlackElo "1072"]

1. e4 Nc6 2. d4 b6 3. Bb5 Na5 4. Bd2 c6 5. Bd3 Nf6 6. Bxa5 bxa5 7. Nf3 g6 8. Nc3
Bh6 9. O-O Qb6 10. e5 Ng4 11. Nh4 Qxd4 12. Be2 Qxe5 13. Bxg4 Bf4 14. Ne2 Bxh2+
15. Kh1 c5 16. Nf3 Qc7 17. Nxh2 h5 18. Bf3 Rb8 19. Be4 g5 20. Nf3 h4 21. Nxg5
Rxb2 22. Rb1 Rxa2 23. Bd5 Ra3 24. Nxf7 h3 25. Nxh8 a6 26. f3 d6 27. Qc1 Ra4 28.
gxh3 Qd7 29. Bb3 Rh4 30. Nf4 Rxh8 31. Be6 Qc7 32. Qb2 Rh4 33. Bxc8 Qxc8 34. Nd5
Qxh3+ 35. Kg1 Qh2# 0-1

[Event "Challenge"]
[Site "http://www.queenalice.com/game.php?id=235072"]
[Date "2007.7.5"]
[Round "-"]
[White "andrefriburgo"]
[Black "Dfreitas"]
[Result "0-1"]
[WhiteElo "1137"]
[BlackElo "1097"]

1. e4 Nc6 2. Nf3 g6 3. Bc4 e6 4. d4 Qf6 5. O-O a6 6. Bg5 Qg7 7. Nbd2 h6 8. Bf4
b5 9. Bb3 g5 10. Bxc7 g4 11. Nh4 Nxd4 12. Bf4 Nxb3 13. Nxb3 Qxb2 14. Rb1 Qxa2
15. Be5 f6 16. Bc3 Qa4 17. Ng6 Qxe4 18. Nxh8 Qh7 19. Qxg4 h5 20. Qf3 Qxc2 21.
Qxh5+ Kd8 22. Nf7+ Kc7 23. Ba5+ Kb8 24. Qh8 Qg6 25. Nd8 e5 26. Nc5 d6 27. Ne4 f5
28. Nc6+ Kb7 29. Rfc1 fxe4 30. Nd8+ Kb8 31. Bc7+ Ka7 32. Nc6+ Kb7 0-1

[Event "Challenge"]
[Site "http://www.queenalice.com/game.php?id=241271"]
[Date "2007.7.17"]
[Round "-"]
[White "cristiana"]
[Black "Dfreitas"]
[Result "1-0"]
[WhiteElo "1358"]
[BlackElo "1099"]

1. e4 c5 2. d3 d6 3. Be3 b6 4. Be2 Ba6 5. Bg4 Nf6 6. Bh3 g6 7. Nf3 c4 8. Nc3
cxd3 9. cxd3 h6 10. e5 dxe5 11. Nxe5 Bg7 12. O-O Bxd3 13. Nxd3 Qd6 14. f4 O-O
15. f5 Nbd7 16. fxg6 fxg6 17. Nf4 Qc6 18. Nxg6 Rfe8 19. Bd4 Nc5 20. Qe2 Rf8 21.
Nxe7+ Kh8 22. Ng6+ Kh7 23. Bf5 Rae8 24. Nxf8+ Kg8 25. Rae1 Rxf8 26. Bg6 a5 27.
g4 Ra8 28. Qc4+ Kh8 29. g5 hxg5 30. Re3 Rf8 31. Rh3+ Nh5 32. Rxh5# 1-0

[Event "Challenge"]
[Site "http://www.queenalice.com/game.php?id=244852"]
[Date "2007.7.24"]
[Round "-"]
[White "Dfreitas"]
[Black "rafaelbdb"]
[Result "0-1"]
[WhiteElo "1093"]
[BlackElo "1466"]

1. g4 e5 2. Nf3 Nc6 3. Bh3 g5 4. a3 Bg7 5. b4 Nge7 6. Nxg5 O-O 7. Bb2 d5 8. a4
Ng6 9. e3 Qxg5 10. Nc3 d4 11. Ne4 Qh4 12. Bf1 Bxg4 13. Be2 Bxe2 14. Qxe2 Nxb4
15. Rc1 Qxe4 16. d3 Qxh1+ 17. Kd2 Qxh2 18. Qe1 dxe3+ 19. Qxe3 Qf4 20. Qxf4 Nxf4
21. Bc3 Na2 22. Rb1 Nxc3 23. Kxc3 e4+ 24. Kd2 Rad8 25. Rxb7 exd3 26. cxd3 Rxd3+
27. Kc2 Rfd8 28. Rxa7 Rd2+ 29. Kb3 c5 30. Rb7 Bf6 31. a5 Rb2+ 32. Kc4 Rxb7 33.
f3 Ne6 34. a6 Rb4# 0-1

[Event "Challenge"]
[Site "http://www.queenalice.com/game.php?id=250288"]
[Date "2007.8.3"]
[Round "-"]
[White "WeffersonEmerich"]
[Black "Dfreitas"]
[Result "1-0"]
[WhiteElo "1113"]
[BlackElo "1115"]

1. e4 b6 2. e5 g6 3. Nf3 a6 4. Bc4 d5 5. Bb3 Qd7 6. Ng5 f6 7. exf6 exf6 8. Nh3
Qe6+ 9. Qe2 c6 10. Qe3 Bc5 11. Qe2 Ne7 12. Nf4 Qe5 13. d4 Bxd4 14. O-O 1-0

[Event "Challenge"]
[Site "http://www.queenalice.com/game.php?id=255927"]
[Date "2007.8.15"]
[Round "-"]
[White "Kleber_Willian"]
[Black "Dfreitas"]
[Result "1-0"]
[WhiteElo "1647"]
[BlackElo "1087"]

1. e4 b5 2. Bxb5 a6 3. Bc4 Nf6 4. Qf3 Bb7 5. Nc3 Nc6 6. d3 Nd4 7. Qd1 c6 8. Nf3
c5 9. Ng5 e6 10. Na4 h6 11. Nf3 Qa5+ 12. c3 Nc6 13. Qb3 h5 14. O-O Bd6 15. Qxb7
Qxa4 16. Qxa8+ Nb8 17. e5 O-O 18. exf6 gxf6 19. Qe4 f5 20. Qh4 Be5 21. Nxe5 d6
22. Nxf7 Rxf7 23. Bxe6 Qxh4 24. g3 Qh3 25. Bxf7+ Kxf7 26. Bg5 Nc6 27. Rfe1 Ne5
28. Re3 Qg4 29. Bh4 f4 30. Re4 Nf3+ 31. Kf1 Nxh2+ 32. Ke1 Nf3+ 33. Kf1 Qh3+ 34.
Ke2 Nh2 35. Rxf4+ Kg6 36. Rh1 Qe6+ 37. Kd2 Ng4 38. Re1 Qd7 39. f3 Ne5 40. Rf6+
Kg7 41. Re3 Nc6 42. Rfe6 Kh8 43. Re8+ Kg7 44. R8e7+ Nxe7 45. Rxe7+ Qxe7 46. Bxe7
Kf7 47. Bxd6 Kg6 48. Bxc5 Kg5 49. Bf2 a5 50. d4 a4 51. d5 Kf6 52. g4 hxg4 53.
fxg4 Ke5 54. g5 Kxd5 55. c4+ Ke6 56. c5 Kf5 57. c6 Ke6 58. g6 Kf6 59. c7 Kxg6
60. c8=Q Kg5 61. Qf8 Kg4 62. Ke3 Kh3 63. Qg8 Kh2 64. Kf3 a3 65. Qg2# 1-0

[Event "Challenge"]
[Site "http://www.queenalice.com/game.php?id=258402"]
[Date "2007.8.20"]
[Round "-"]
[White "HERMIONE"]
[Black "Dfreitas"]
[Result "1-0"]
[WhiteElo "1834"]
[BlackElo "1089"]

1. e4 d6 2. d4 c6 3. Nc3 b6 4. Nf3 Nf6 5. h3 h6 6. Be2 g6 7. O-O a6 8. e5 Bg7 9.
exf6 Bxf6 10. Be3 b5 11. Bd3 b4 12. Ne4 Bg7 13. Re1 d5 14. Ng3 O-O 15. Qd2 a5
16. Bxh6 f6 17. Bxg6 Re8 18. Bxe8 Qxe8 19. Bxg7 Kxg7 20. Qf4 Qg6 21. Rxe7+ Kf8
22. Rae1 a4 23. Re8+ Kf7 24. Rxc8 Qxc2 25. Ng5+ Kg7 26. Re7+ Kg6 27. Rg8+ Kh6
28. Qh4# 1-0

[Event "Blue & White"]
[Site "http://www.queenalice.com/game.php?id=261249"]
[Date "2007.8.25"]
[Round "-"]
[White "Dfreitas"]
[Black "sunflower"]
[Result "0-1"]
[WhiteElo "1093"]
[BlackElo "1560"]

1. e4 e5 2. g3 Nf6 3. Bh3 Nxe4 4. f3 Ng5 5. Bg4 b5 6. Qe2 Qe7 7. Qxb5 h6 8. b4
e4 9. fxe4 Qxe4+ 10. Kf1 Qxh1 11. h3 Ba6 12. Qd3 Bxd3+ 13. cxd3 Qc6 14. h4 Qxc1+
15. Kg2 Bxb4 16. a3 Bc5 17. a4 Qxg1# 0-1

[Event "Challenge"]
[Site "http://www.queenalice.com/game.php?id=274981"]
[Date "2007.9.21"]
[Round "-"]
[White "Dfreitas"]
[Black "sunflower"]
[Result "0-1"]
[WhiteElo "1089"]
[BlackElo "1608"]

1. b4 c6 2. c3 d5 3. g3 d4 4. cxd4 Qxd4 5. Nc3 Nf6 6. Nf3 Qxb4 7. Qc2 Qb6 8. Ba3
c5 9. Ne5 e6 10. Qa4+ Nbd7 11. Nc4 Qc7 12. e3 Qc6 13. Nb5 Be7 14. Bh3 Qxh1+ 15.
Bf1 O-O 16. Qc2 b6 17. Nc7 Rb8 18. h4 Ne4 19. Bb2 Bf6 20. d4 Bd8 21. Nb5 Ndf6
22. Nxa7 Bd7 23. Nd6 Ra8 24. dxc5 Rxa7 25. Qd1 Qh2 26. Qd2 Nxd2 27. Kxd2 Qxf2+
28. Be2 bxc5 29. a3 Qxg3 30. Rc1 Qxd6+ 31. Ke1 Qg3+ 32. Kd2 Ne4+ 33. Kc2 Ba5 34.
Bd3 Ba4+ 35. Kb1 Nd2+ 36. Ka1 Rb7 37. Rxc5 Nb3+ 38. Ka2 Nxc5 39. Ba6 Nxa6 40. e4
Bb3+ 41. Ka1 Qg1+ 42. Bc1 Qxc1# 0-1

[Event "Challenge"]
[Site "http://www.queenalice.com/game.php?id=286027"]
[Date "2007.10.13"]
[Round "-"]
[White "Bishop10186"]
[Black "Dfreitas"]
[Result "1-0"]
[WhiteElo "1690"]
[BlackElo "1083"]

1. e4 d6 2. d4 e6 3. Nf3 b6 4. Nc3 Nf6 5. Bd3 h6 6. O-O g5 7. h3 Nc6 8. Re1 a6
9. d5 Nb4 10. Bf1 Be7 11. a3 Nbxd5 12. exd5 e5 13. b4 Nh5 14. Nxe5 dxe5 15. Qxh5
Bf5 16. Qe2 Qd6 17. Qxe5 Qxe5 18. Rxe5 Bxc2 19. Ra2 Bb3 20. Rae2 Bc4 21. R2e3
Bb3 22. Rxe7+ Kf8 23. Rxc7 Rd8 24. Bb2 b5 25. Nxb5 Rg8 26. Rxb3 h5 27. Nd6 Rxd6
28. Rc8+ Ke7 29. Rxg8 Rxd5 30. Bxa6 Rd6 31. Bf1 Rd5 32. b5 Rd2 33. b6 Rd7 34. b7
Rxb7 35. Rxb7+ Ke6 36. Rxg5 f6 37. Rxh5 Kd6 38. Rb6+ Kc7 39. Rxf6 Kd7 40. Rh7+
Kc8 41. Rf8# 1-0

[Event "Challenge"]
[Site "http://www.queenalice.com/game.php?id=288842"]
[Date "2007.10.18"]
[Round "-"]
[White "Dfreitas"]
[Black "FENIX_RJ"]
[Result "0-1"]
[WhiteElo "1091"]
[BlackElo "1535"]

1. d4 Nf6 2. Nf3 Nc6 3. e3 d5 4. Nc3 Bf5 5. b4 e6 6. Ba3 Bxb4 7. Bb2 Ba5 8. Ne5
Nxe5 9. h3 Ne4 10. Qh5 g6 11. Qd1 Qh4 12. Qd2 Nxd2 13. Kxd2 Qxf2+ 14. Be2 Nc4+
15. Kd1 Nxe3+ 16. Kd2 Nxc2 17. Rac1 Qe3+ 18. Kd1 Qxd4+ 19. Bd3 Qxd3# 0-1

[Event "Challenge"]
[Site "http://www.queenalice.com/game.php?id=318675"]
[Date "2007.12.11"]
[Round "-"]
[White "Najfh"]
[Black "Dfreitas"]
[Result "0-1"]
[WhiteElo "1238"]
[BlackElo "1111"]

1. e3 Nc6 2. c4 g5 3. Qa4 d6 4. b3 Bg7 5. g3 Nf6 6. Nc3 Bf5 7. Nb5 a6 8. Nc3 O-O
9. h3 a5 10. a3 b6 11. Qxc6 Rb8 12. Nb5 Be4 13. f3 Bxc6 14. Na7 Bd7 15. b4 Ra8
16. Nb5 Nh5 17. d4 Nxg3 18. Rh2 Nf5 19. Bg2 axb4 20. f4 gxf4 21. exf4 d5 22.
Bxd5 Rb8 23. Na7 Nxd4 24. axb4 Nb3 25. Rb1 Ba4 26. Ra2 Nxc1 27. Rxa4 Bc3+ 28.
Kd1 Bd4 29. Rxc1 Bxg1 30. Nc6 Qd6 31. Kc2 Qxf4 32. Rxg1+ Kh8 33. Nxe7 Qf2+ 34.
Kd1 Qxg1+ 35. Ke2 Rbe8 36. Kf3 Rxe7 37. Ra2 Re3+ 38. Kf4 Rxh3 39. Ra8 Qg3+ 40.
Ke4 Qe3+ 41. Kf5 Rh5+ 42. Kg4 Qg5+ 43. Kf3 Rh3+ 44. Ke4 f5+ 45. Ke5 f4+ 46. Kd4
Qf6+ 47. Ke4 Re3# 0-1

[Event "Challenge"]
[Site "http://www.queenalice.com/game.php?id=326680"]
[Date "2007.12.27"]
[Round "-"]
[White "Dfreitas"]
[Black "sunflower"]
[Result "0-1"]
[WhiteElo "1085"]
[BlackElo "1549"]

1. b4 Nc6 2. c3 e5 3. g4 Nf6 4. h3 d5 5. d3 d4 6. c4 Bxb4+ 7. Bd2 e4 8. a3 Ba5
9. g5 Nh5 10. dxe4 Bxd2+ 11. Nxd2 Qxg5 12. Ngf3 Qe7 13. Bg2 Nf4 14. O-O Nxg2 15.
Qa4 Nf4 16. e3 Nxh3+ 17. Kh1 O-O 18. exd4 Qd8 19. Rab1 Nxd4 20. Ne5 Qg5 21. f4
Nxf4 22. Ndf3 Qg2# 0-1

[Event "Challenge"]
[Site "http://www.queenalice.com/game.php?id=339452"]
[Date "2008.1.20"]
[Round "-"]
[White "Dfreitas"]
[Black "Aldo2020"]
[Result "1-0"]
[WhiteElo "1081"]
[BlackElo "1433"]

1. c4 Na6 2. Nc3 Nc5 3. b4 Ne6 4. g4 d6 5. e3 Nf6 6. Qa4+ Bd7 7. Qb3 Nxg4 8. f3
Nh6 9. Bh3 Ng5 10. Bg2 e5 11. Nge2 Qf6 12. Nd5 Qd8 13. O-O c6 14. Ndc3 Bf5 15.
d3 Bxd3 16. Qd1 Bxc4 17. Ba3 Qf6 18. Qd2 O-O-O 19. f4 exf4 20. Rxf4 Qe6 21. Nd4
c5 22. Nxe6 fxe6 23. Rxc4 b5 24. Nxb5 a6 25. Na7+ Kc7 26. Nc6 Ra8 27. Na5 Ngf7
28. Bxa8 Ne5 29. bxc5 Nf3+ 30. Bxf3 d5 31. Rb4 Bxc5 32. Rb3 Bb6 33. Rc3+ Kb8 34.
Nc6+ Ka8 35. Bd6 Rd8 36. Nxd8 Bxd8 37. Rc8+ 1-0

[Event "Challenge"]
[Site "http://www.queenalice.com/game.php?id=339453"]
[Date "2008.1.20"]
[Round "-"]
[White "Dfreitas"]
[Black "karpovl"]
[Result "0-1"]
[WhiteElo "1089"]
[BlackElo "1448"]

1. Nf3 d5 2. c3 b5 3. b4 a5 4. a4 axb4 5. cxb4 Nc6 6. e3 Nxb4 7. Bxb5+ c6 8.
Bxc6+ Nxc6 9. O-O e5 10. d3 d4 11. e4 Nf6 12. Qe1 Nb4 13. Nxe5 Nc2 14. Qd2 Nxa1
15. Qa2 Be6 16. Qxa1 Bd6 17. Nc6 Qd7 18. Nxd4 Rxa4 19. Qb2 Rb4 20. Qa1 O-O 21.
Bd2 Ra4 22. Qb2 Ng4 23. Re1 Be5 24. Bc3 Bxd4 25. Re2 Ra2 26. Qc1 Rxe2 27. Bxd4
Qxd4 28. Qf1 Rxf2 29. Qe1 Re2+ 30. Kf1 Rxe1+ 31. Kxe1 Bb3 32. Nd2 Qf2# 0-1

[Event "Challenge"]
[Site "http://www.queenalice.com/game.php?id=364164"]
[Date "2008.3.2"]
[Round "-"]
[White "Aldo2020"]
[Black "Dfreitas"]
[Result "1-0"]
[WhiteElo "1525"]
[BlackElo "1132"]

1. e4 b5 2. Bxb5 c6 3. Bc4 e6 4. Qf3 Be7 5. d4 Nf6 6. e5 Nd5 7. Bd2 a5 8. a4 d6
9. Nh3 O-O 10. Bd3 Bh4 11. Qh5 Re8 12. Qxh7+ 1-0